000 00513nam a22001817a 4500
999 _c9060
_d9060
003 AR-CdUCM
008 190327b ||||| |||| 00| 0 spa d
040 _aMUNICIPALIDAD PROVINCIAL DEL CUSCO
_cBIBLIOTECA MUNICIPAL DEL CUSCO
082 _a869.56 /
_bC35
100 _aCastro Arenas, Mario
_94396
245 _aEl cuento en Hispano América /
260 _aLima :
_bStudium,
_c1974.
300 _a341 páginas ;
_c21 cm.
505 _aCuentos.
650 _aCuentos.
_9217
942 _2ddc
_cLIBROS
945 _awfj